000 00461 a2200169 4500
003 Nust
005 20170207153349.0
040 _cNust
082 _a005.1
100 _aQadir , Faisal Capt BESE-03
245 _aArmy medical college automation system (Hard / Softcopy)
_cCapt Faisal Qadir & Capt Tariq Masud Kiyani BESE-03
260 _bMCS
_c2001
300 _a167 :p
538 _aAlmirah No 71 Shelf No 3
650 _aUG Projects
651 _aUG CS Projects
942 _cTHS
999 _c184499
_d184499